000 00891nam a22002777i 4500
003 URS
005 20220117094524.0
008 170130b xxu||||| |||| 00| 0 eng d
020 _a9781849714198
040 _erda
_cCollege
_beng
050 0 0 _aHC79
_bR675 2012
082 _a338.9
_bR67f 2012
100 _aRoorda, Nico,
_eauthor
245 _aFundamentals of Sustainable Development
_cNico Roorda, Peter Blaze Corcoran and Joseph P. Weakland
264 1 _aNew York
_bRoutledge
_c2012
300 _axxxii, 351 pages
_billustrationss
_c24.5 cm.
336 _2rda content
_atext
337 _2rda media
_aunmediated
338 _2rda carrier
_avolume
504 _aIncludes bibliography and index
650 _aSustainable Development -- Study and Teaching
650 _aEnvironmental Education
700 _aPeter Blaze Corcoran
700 _aJoseph P. Weakland
942 _2lcc
_cFR
999 _c11308
_d11308